000 00840nam a22002177a 4500
005 20240530110544.0
008 160519s2013 su f 000 0 ara d
017 _a1432/9174
_bلسعودية . مكتبة الملك فهد الوطنية
020 _a9786038087534
040 _aEG-CaGPL
082 0 4 _221
_a364.13\
_bف م
100 0 _aفؤاد عبدالغنى سيف المخلافى
245 1 0 _aمبدا الشفافية ومكافحة الفساد :
_bلضمان تحرير التجارة العالمية /
_cفؤاد عبدالغنى سيف المخلافى
250 _aط. 1
260 _aالرياض :
_bدار الزهراء ،
_c2013 .
300 _a720 ص. ؛
_c24 سم .
650 0 4 _aالفساد السياسى
650 0 4 _aالفساد الادارى
650 0 4 _aمكافحة الفساد
942 _2ddc
_cBK
999 _c62310
_d62310